000 00701nam a2200181 i 4500
001 46638
003 ES-MaACL
005 20230906161425.0
007 t|
008 030331s1973 sp ||||1| spa d
111 2 _aCongreso Internacional de Amigos de los Museos del Mundo (
_n1º.
_d1972.
_cBarcelona)
_9406
245 1 0 _aAmigos de los Museos del Mundo
_b: Actas del 1er Congreso Internacional de Amigos de los Museos del Mundo /
_c[recopilado por Luis Monreal Agustí].
260 _aBarcelona :
_bAmigos de los museos,
_c[1973]
300 _a121 p. ;
_c24 cm.
500 _aTexto en español, francés e inglés.
700 1 _aMonreal Agustí, Luis.
_982270
852 _aES-MaACL
_jC-54656
_bR.87119
999 _c46638
_d46638